000 cam a22 a 4500
999 _c4513
_d4513
003 AKMAL
005 20170531080828.0
008 141014s1997 myw e l 00 eng
020 _a9678908298 (pbk.):
_cRM 12.50
040 _cAKMAL
082 0 4 _a347.59506 MAL
_222
090 0 0 _a347.59506
_bMAL
110 1 _aMalaysia
_9400
240 1 0 _aAkta Keterangan 1950.
_lEnglish
245 1 0 _aEvidence Act 1950 (Act 56) :
_b(as at 5th July 2007) /
_ccompiled by Legal Research Board
260 _aKuala Lumpur :
_bInternational Law Book Services,
_c2007
300 _aviii, 119p. ;
_c25cm
440 _aLaws of Malaysia
_91830
650 0 _aEvidence (Law)
_zMalaysia
_98308
650 0 _aConfession (Law)
_zMalaysia
_98728
710 2 _aMalaysia.
_tEvidence Act, 1950
_98731
710 2 _aLembaga Penyelidikan Undang-Undang
_98733
942 _2ddc
_cBOOK